000
00292nam a22001337a 4500
999
_c
157144
_d
157144
020
_a
082
_a
_b
100
_a
Subodh Kapoor
245
_a
Short introduction to vaisnavism/
_c
by Subodh Kapoor.
260
_a
Delhi:
_b
Cosmo,
_c
2008.
300
_a
155p.
650
_a
942
_c
BK